[Event "47. Sparkassen Chess-Meeting 2019"]
[Site "Dortmund"]
[Date "2019.07.14"]
[Round "3.3"]
[White "Dominguez Perez, Leinier"]
[Black "Nepomniachtchi, Ian"]
[Result "1-0"]
[WhiteElo "2760"]
[BlackElo "2775"]
[Annotator "TA"]
[PlyCount "49"]
[EventDate "2019.07.13"]
[EventCountry "GER"]
[SourceTitle "playchess.com"]
[Source "ChessBase"]
[SourceQuality "1"]

{[%evp 9,49,9,25,29,29,36,55,50,50,41,43,0,11,0,0,-29,-33,-25,-25,-44,0,0,0,0,0,0,0,0,60,50,117,97,543,544,551,518,527,516,877,884,812,793]} 1. e4 c6 2. d4 d5 3. e5 c5 4. dxc5 e6 5. Bd3 Bxc5 6. Qg4 {B12: Caro-Kann: Advance Variation} Ne7 7. b4 h5 $146 ({Predecessor:} 7... Bb6 8. Nf3 a5 9. b5 Ng6 10. h4 f5 11. Qg3 O-O 12. h5 Nh8 {1-0 (28) Vitiugov,N (2726)-O'Donnell,C (2360) Batumi 2018}) 8. Qf4 $1 {White is slightly better.} Bb6 9. Nf3 Nbc6 {[%cal Bb8c6,Bc6b4,Bb4d3][%mdl 32] next ...Nxb4! is good for Black.} 10. Nbd2 a5 11. b5 Nb4 12. Ba3 Nxd3+ 13. cxd3 Bd7 14. Qa4 Nf5 15. Rc1 g5 {Threatens to win with ...g4.} 16. h3 Rc8 17. Rxc8 Qxc8 18. Ke2 $1 Qb8 (18... Qd8 $11) 19. Nb3 $1 $14 Qa7 (19... Rg8 $14) 20. Rc1 $1 $16 g4 $2 {[%mdl 8192]} ({Don't go for} 20... Bxf2 $2 21. Rc8+ $1 {[%mdl 512]} Bxc8 22. b6+ Bd7 23. bxa7 $18) (20... Qb8 $16 {is tougher.}) 21. hxg4 $18 {White is clearly winning.} hxg4 22. Qxg4 {Black must now prevent Rh1!} Bxf2 {[#] ( -> ...Qe3+)} 23. Nc5 $1 Bg3 {[#]} (23... Be3 $142 24. Rh1 Nh6) 24. Rh1 $1 {[%mdl 512]} Rf8 (24... Rxh1 25. Qg8+) 25. Rh5 {Accuracy: White = 83%, Black = 36%.} 1-0

[Event "47. Sparkassen Chess-Meeting 2019"]
[Site "Dortmund"]
[Date "2019.07.14"]
[Round "3.4"]
[White "Radjabov, Teimour"]
[Black "Rapport, Richard"]
[Result "1/2-1/2"]
[WhiteElo "2759"]
[BlackElo "2735"]
[Annotator "TA"]
[PlyCount "55"]
[EventDate "2019.07.13"]
[EventCountry "GER"]
[SourceTitle "playchess.com"]
[Source "ChessBase"]
[SourceQuality "1"]

{[%evp 19,55,21,11,13,18,18,27,13,25,10,18,6,19,12,10,0,0,0,0,0,0,0,0,0,0,0,0,0,0,0,0,0,0,0,0,0,0,0]} 1. d4 Nf6 2. c4 e6 3. Nf3 b6 4. g3 Bb7 5. Bg2 Be7 6. Nc3 Ne4 7. Qc2 Nxc3 8. Qxc3 O-O 9. O-O c5 10. Rd1 Bf6 11. Qb3 {E19: Queen's Indian: Old Main Line with 7...Ne4 8 Qc2 Nxc3 8 Qxc3} (11. Qc2 Nc6 12. Be3 Qe7 13. Rd2 Rfd8 14. Rad1 d6 15. h4 h6 16. Qa4 a6 17. dxc5 bxc5 18. g4 Rac8 19. Qb3 {½-½ (43) Ftacnik,L (2554)-Vovk,Y (2617) Slovakia 2016}) 11... cxd4 12. Nxd4 Bxg2 13. Kxg2 {White has an edge.} Qe7 $146 ({Predecessor:} 13... Qc8 14. Nb5 Qb7+ 15. Qf3 Nc6 16. Rb1 a6 {½-½ (16) Hahner,A (1779)-Gensch,M (1807) Verden 1999}) 14. Nf3 d6 {The position is equal.} 15. Bf4 e5 16. Be3 Nc6 17. Qa3 Rfd8 18. Nd2 e4 19. Rac1 Rac8 20. Nb3 Qe6 21. Nd4 Bxd4 22. Bxd4 Ne7 23. Qxa7 Ra8 $1 {[%cal Ra8a7]} 24. Qxb6 Rdb8 25. Qc7 {Hoping for c5.} Rc8 26. Qb6 {aiming for c5.} Rcb8 $1 {[%cal Rb8b6]} 27. Qc7 {c5 is the strong threat.} Rc8 28. Qb6 1/2-1/2

[Event "47. Sparkassen Chess-Meeting 2019"]
[Site "Dortmund"]
[Date "2019.07.17"]
[Round "4.1"]
[White "Rapport, Richard"]
[Black "Fridman, Daniel"]
[Result "1/2-1/2"]
[WhiteElo "2735"]
[BlackElo "2638"]
[Annotator "TA"]
[PlyCount "142"]
[EventDate "2019.07.13"]
[EventCountry "GER"]
[SourceTitle "playchess.com"]
[Source "ChessBase"]
[SourceQuality "1"]

{[%evp 21,142,0,15,20,72,52,73,54,49,56,66,13,56,65,56,2,2,2,3,-34,6,-27,0,0,35,15,13,-55,-45,-61,-63,-102,-106,-83,-27,-40,-41,-52,-42,-19,0,-58,-47,-50,-62,-43,-11,-25,10,-13,27,27,32,27,32,33,31,0,6,0,32,41,29,26,52,34,57,42,59,58,54,44,43,52,50,42,44,48,152,122,114,119,108,142,146,69,69,0,0,0,0,0,0,0,0,0,0,0,0,0,0,0,0,-14,0,-9,-4,-4,-4,-4,-4,-4,-4,-12,-12,-12,-10,-10,-8,-8,-8,-8,-8]} 1. e4 e5 2. Nf3 Nf6 3. Nc3 Nc6 4. Bb5 Bb4 5. O-O O-O 6. d3 d6 7. Ne2 Ne7 8. c3 Ba5 9. Ng3 c6 10. Ba4 Ng6 11. d4 Re8 12. Bc2 {C49: Four Knights: 4 Bb5 Bb4} d5 (12... h6 $11 {keeps the balance.}) (12... h6 13. h3 Bc7 14. Re1 d5 15. Nxe5 Nxe5 16. dxe5 Nxe4 17. Nxe4 dxe4 18. Qxd8 Rxd8 19. Bxe4 Bxe5 {½-½ (31) Adhiban,B (2668)-Aronian,L (2780) Douglas 2018}) 13. Bg5 $16 exd4 {[#]} 14. Nxd4 $146 {White is better.} ({Predecessor:} 14. Qxd4 Bb6 15. Bxf6 Qd6 16. Qd3 Qxf6 17. exd5 Bg4 18. Nd4 cxd5 19. Rae1 Bd7 {½-½ (32) Stukopin,A (2565)-Sevian,S (2647) Burlingame 2019}) 14... h6 15. Bxf6 $1 Qxf6 16. f4 (16. exd5 $14 cxd5 17. Bxg6 fxg6 18. Qa4) 16... dxe4 17. Nxe4 Qh4 $1 18. Qd3 (18. Nd6 $14 Rd8 19. g3) 18... Bc7 $11 ({Much worse is} 18... Nxf4 $6 19. Qf3 $16) 19. Rae1 {aiming for Nf6+!} Bg4 20. h3 (20. Nf2 {is interesting.} Rad8 21. g3 Qh5 22. Nxg4 Qxg4 23. Qd1) 20... Bd7 (20... c5 $5 {[%cal Rc5d4]} 21. hxg4 cxd4 $11) 21. Re2 (21. Nf3 $5 {[%cal Rf3h4]} Qe7 22. Nf2 $11) 21... Qd8 22. Ref2 b6 23. b4 a5 24. b5 (24. f5 $11 Ne5 25. Qe2) 24... c5 $1 $15 {[%cal Rc5d4]} 25. Ne2 Bf5 26. N2g3 {Black must now prevent Qxd8.} Qxd3 27. Bxd3 Rad8 {[#]} (27... Bd7 $17 28. Bc4 Rad8) 28. Nf6+ $1 {[%mdl 512]} gxf6 29. Bxf5 Re3 30. Nh5 Rxc3 31. Nxf6+ ({White should try} 31. Re2 $1 $11) 31... Kg7 32. Nh5+ Kf8 33. Re2 Rc4 {[%cal Rg6f4]} 34. g3 Rcd4 35. Nf6 Rd2 (35... R4d6 $5 {[%cal Rd6f6]} 36. Bxg6 fxg6 $15) 36. Rfe1 {Hoping for Re8+.} Rxe2 $1 37. Rxe2 Ne7 38. Nh7+ Ke8 39. Nf6+ Kf8 40. Nh7+ Ke8 41. Bc2 Rd4 42. Nf6+ Kd8 43. Kg2 Bd6 44. h4 c4 45. Kf3 Bc5 46. h5 Nd5 47. Ng4 Nc3 48. Rh2 Rd6 49. Ne5 {[%mdl 64] Double Attack} Ke7 ({Better is} 49... Ke8 $1 $14) 50. Nxc4 Re6 51. a4 Re1 52. Rd2 f6 {[#]} 53. Kg4 (53. Bf5 $1 $16) 53... Ne2 $14 54. Kf5 (54. Bd1 $14 Nd4 55. Rd3) 54... Nxg3+ $11 {The position is equal.} 55. Kg6 Rh1 56. Bf5 Nxh5 57. Rd7+ Kf8 58. Bg4 Nxf4+ 59. Kxf6 {[%cal Rd7d8]} Re1 60. Ne5 {[%cal Rd7d8]} Be7+ 61. Kf5 Ng2 {Strongly threatening ...Nh4+.} 62. Nf3 Ra1 63. Bh3 $132 {[%mdl 2048] White is not holding back} Nh4+ 64. Nxh4 Bxh4 {[%mdl 4096] Endgame KRB-KRB} 65. Rd6 Rxa4 66. Rxb6 Rb4 67. Rxh6 Rxb5+ 68. Ke4 Be7 69. Ra6 a4 70. Rxa4 Rb4+ 71. Rxb4 Bxb4 {Accuracy: White = 55%, Black = 60%.} 1/2-1/2

[Event "47. Sparkassen Chess-Meeting 2019"]
[Site "Dortmund"]
[Date "2019.07.17"]
[Round "4.2"]
[White "Nisipeanu, Liviu-Dieter"]
[Black "Kulaots, Kaido"]
[Result "1/2-1/2"]
[WhiteElo "2672"]
[BlackElo "2560"]
[Annotator "TA"]
[PlyCount "134"]
[EventDate "2019.07.13"]
[EventCountry "GER"]
[SourceTitle "playchess.com"]
[Source "ChessBase"]
[SourceQuality "1"]

{[%evp 13,134,16,31,13,16,23,19,16,19,20,20,20,18,6,29,34,31,29,32,38,33,33,43,43,47,45,60,31,47,43,43,43,43,29,43,43,43,43,43,43,43,39,40,0,0,0,0,0,0,0,0,0,0,0,0,0,0,0,0,0,24,24,24,24,24,24,24,24,24,24,24,24,24,24,24,24,24,24,24,24,24,23,24,0,24,0,23,23,23,23,23,23,24,23,24,24,24,24,24,24,24,23,24,23,23,23,23,23,23,23,23,23,23,0,23,23,23,0,11,11,23,23,23]} 1. Nf3 Nf6 2. c4 g6 3. Nc3 d5 4. cxd5 Nxd5 5. e4 Nxc3 6. dxc3 Qxd1+ 7. Kxd1 f6 8. h4 {A16: English Opening: 1...Nf6 with ...d5} (8. Be3 e5 9. Nd2 Nd7 10. Nb3 h5 11. f3 Nb6 12. Kc2 Bd7 13. Nc5 Bc6 14. b3 Bh6 15. Bxh6 Rxh6 16. a4 Ke7 17. Bb5 {½-½ (38) So,W (2778)-Aronian,L (2764) Leuven 2018}) 8... e5 9. h5 {[#] Threatens to win with hxg6.} g5 10. Be3 {The position is equal.} Nd7 {[%cal Bb8d7,Bd7c5,Bc5e6,Be6f4][%mdl 32]} 11. Nh2 Nc5 12. f3 Be6 $146 ({Predecessor:} 12... a5 13. Bc4 Bd7 14. Kc2 Bd6 15. Rhd1 Ke7 {½-½ (47) Bai,J (2588)-Gupta,A (2614) Hamedan 2018}) 13. Kc2 Bd6 14. Be2 Ke7 15. Rhd1 Bf7 16. g4 Ne6 17. Nf1 Nf4 18. Bb5 Be6 19. Ng3 Rhd8 20. Rd2 Kf7 21. Ba4 Be7 22. Bb3 Rxd2+ 23. Bxd2 Bxb3+ 24. axb3 a6 25. b4 Rd8 26. Nf5 Rd7 27. c4 Ne6 28. b5 axb5 29. cxb5 Bc5 30. Ra8 Rd8 31. Rxd8 Nxd8 $11 {[%mdl 4096] Endgame KBN-KBN} 32. Kd3 Ne6 33. Kc4 Ke8 34. Kd5 Kd7 35. b3 Bb6 36. Kc4 Nd4 37. Nxd4 Bxd4 {KB-KB} 38. Kd5 c6+ 39. Kc4 Bb6 40. Bb4 Bd8 41. Bc5 Bc7 42. Kb4 Bd8 43. Be3 Bc7 44. Kc5 Bd8 45. Bd2 Bc7 46. Kb4 Bd6+ 47. Ka4 Bc7 48. bxc6+ bxc6 49. Ba5 Bd6 50. Bb6 Be7 51. Ka5 Ba3 52. Be3 Be7 53. Ka6 Bd6 54. Kb7 Be7 55. Kb6 Bd8+ 56. Ka6 {And now b4 would win.} Be7 57. Ka5 Bd8+ 58. Bb6 {[#] Strongly threatening Bxd8.} Be7 59. b4 {Bc5 is the strong threat.} Kc8 60. Be3 Kc7 61. b5 cxb5 62. Kxb5 Kd7 63. Bc5 Bd8 64. Bb4 Bc7 65. Ka6 Bd8 66. Kb7 Ke6 67. Kc6 Kf7 {Accuracy: White = 73%, Black = 82%.} 1/2-1/2

[Event "47. Sparkassen Chess-Meeting 2019"]
[Site "Dortmund"]
[Date "2019.07.17"]
[Round "4.3"]
[White "Dominguez Perez, Leinier"]
[Black "Radjabov, Teimour"]
[Result "1/2-1/2"]
[WhiteElo "2760"]
[BlackElo "2759"]
[Annotator "TA"]
[PlyCount "83"]
[EventDate "2019.07.13"]
[EventCountry "GER"]
[SourceTitle "playchess.com"]
[Source "ChessBase"]
[SourceQuality "1"]

{[%evp 9,83,27,37,40,44,43,46,45,50,39,47,35,40,37,39,37,41,40,72,66,70,66,64,71,77,61,54,58,52,45,67,59,77,74,98,72,69,77,82,70,89,84,73,47,48,52,53,23,50,47,44,0,0,0,0,0,0,0,0,0,0,0,0,0,0,0,0,0,0,0,0,0,0,0,0,0]} 1. e4 e5 2. Nf3 Nc6 3. Bb5 Nf6 4. d3 d6 5. O-O Bd7 6. Re1 {C66: Ruy Lopez: Steinitz Defence} g6 7. d4 Bg7 8. d5 {White is slightly better.} Ne7 9. Bxd7+ Nxd7 10. Be3 h6 11. Nfd2 f5 12. f3 $1 Nf6 $146 ({Predecessor:} 12... h5 13. c4 {1-0 (41) Sjugirov,S (2663)-Ponkratov,P (2622) Yaroslavl 2018}) 13. c4 c6 14. Nc3 O-O 15. Qb3 cxd5 16. cxd5 Rf7 17. Rac1 fxe4 18. Ndxe4 Nf5 19. Bf2 Nxe4 20. Nxe4 Kh8 21. Rc4 Qd7 22. a4 Nd4 23. Qb4 {[%cal Rf2d4]} Rd8 24. Qa5 b6 25. Qb4 Kg8 26. Bxd4 exd4 27. Rc6 {[%cal Rc6d6]} Be5 28. Nf2 Qf5 29. Re4 Qg5 30. h4 Qg3 {[#] White must now prevent ...Rxf3.The position is equal.} 31. Rg4 Qh2+ 32. Kf1 Kh7 33. Qc4 {Rc7 is the strong threat.} h5 34. Rc7 Rdd7 35. Rxd7 Rxd7 36. Re4 Rf7 37. b3 Kg7 38. Qc8 Rf8 39. Qd7+ Rf7 40. Qc8 Rf8 41. Qc7+ Rf7 42. Qc8 {Accuracy: White = 77%, Black = 72%.} 1/2-1/2

[Event "47. Sparkassen Chess-Meeting 2019"]
[Site "Dortmund"]
[Date "2019.07.17"]
[Round "4.4"]
[White "Nepomniachtchi, Ian"]
[Black "Wojtaszek, Radoslaw"]
[Result "1/2-1/2"]
[WhiteElo "2775"]
[BlackElo "2737"]
[Annotator "TA"]
[PlyCount "90"]
[EventDate "2019.07.13"]
[EventCountry "GER"]
[SourceTitle "playchess.com"]
[Source "ChessBase"]
[SourceQuality "1"]

{[%evp 14,90,28,18,35,12,29,29,21,10,7,7,17,12,13,17,14,4,10,9,13,7,7,8,15,8,18,9,18,8,6,8,6,6,18,9,10,8,8,8,20,7,8,0,0,0,0,0,0,0,0,-8,-8,-8,0,-8,0,0,0,0,0,0,0,0,0,0,0,0,8,8,8,8,8,0,0,0,0,0,0]} 1. e4 c5 2. Nf3 d6 3. d4 cxd4 4. Nxd4 Nf6 5. Nc3 a6 6. h3 e6 7. g4 h6 8. Bg2 Be7 {B81: Sicilian Scheveningen: Keres Attack} (8... g5 9. Be3 Nbd7 10. Qe2 Ne5 11. O-O-O Nfd7 12. h4 Rg8 13. hxg5 hxg5 14. Kb1 b5 15. f4 gxf4 16. Bxf4 Bb7 {½-½ (56) Karjakin,S (2773)-Mamedyarov,S (2801) Saint Louis 2018}) 9. Qd3 Nc6 $146 ({Predecessor:} 9... Nfd7 10. Qg3 Qb6 11. Nb3 Nc6 12. Be3 Qc7 13. O-O-O b5 14. f4 Nb6 15. Rhe1 Nc4 16. Bf2 {½-½ (33) Repp,H (2508)-Laghetti,G (2469) ICCF email 2016}) 10. Nxc6 bxc6 {White has an edge.} 11. e5 {The position is equal.} Nd5 12. exd6 $1 Bxd6 13. Ne4 {Strongly threatening c4.} Bc7 14. c4 Nf4 15. Qxd8+ Kxd8 16. Kf1 f5 17. Nc5 Nxg2 18. Kxg2 e5 19. gxf5 Bxf5 20. Re1 Re8 21. Bf4 Re7 22. Bg3 Ke8 23. Rad1 Kf7 24. Ne4 Rb8 25. b3 Rd8 $132 {[%mdl 2048] Black is fighting back} 26. Rxd8 Bxd8 27. Nd6+ Kf6 28. Nxf5 Kxf5 $11 {[%mdl 4096] Endgame KRB-KRB} 29. Rd1 Bb6 30. Rd6 Re6 31. Rd7 g5 32. b4 {[#] c5 is the strong threat.} Bd4 33. a4 Bc3 34. Rb7 Rd6 35. Rb6 Rd4 36. Rxc6 Bxb4 37. Rxa6 Rxc4 38. Rxh6 Ba5 39. h4 Rxa4 40. hxg5 Bd2 41. Rf6+ Kxg5 42. Bxe5 Re4 43. f4+ Bxf4 44. Rxf4 Rxf4 45. Bxf4+ Kxf4 {Accuracy: White = 65%, Black = 83%.} 1/2-1/2

[Event "47. Sparkassen Chess-Meeting 2019"]
[Site "Dortmund"]
[Date "2019.07.19"]
[Round "5.1"]
[White "Wojtaszek, Radoslaw"]
[Black "Nisipeanu, Liviu-Dieter"]
[Result "1/2-1/2"]
[WhiteElo "2737"]
[BlackElo "2672"]
[Annotator "TA"]
[PlyCount "148"]
[EventDate "2019.07.13"]
[EventCountry "GER"]
[SourceTitle "playchess.com"]
[Source "ChessBase"]
[SourceQuality "1"]

{[%evp 12,148,58,51,63,71,69,24,39,21,27,21,21,22,17,19,20,19,19,10,26,18,22,16,19,8,12,8,15,0,16,11,81,89,117,80,87,80,88,84,70,73,99,99,164,169,172,169,173,176,171,171,170,172,173,169,206,204,200,157,169,155,150,152,214,235,229,228,222,221,222,222,222,205,383,364,338,324,368,367,378,199,199,199,199,199,199,199,199,0,0,0,199,199,199,199,199,199,199,199,199,199,255,219,361,360,354,346,331,199,199,56,56,56,56,26,48,26,57,57,57,57,57,57,57,17,17,17,17,17,17,17,17,17,17,0,17,0,16]} 1. c4 ({Predecessor:} 1. d4 d5 2. c4 e6 {½-½ (28) Wukits,R (2338)-Kerr,S (2471) ICCF email 2015}) 1... e6 2. Nc3 d5 3. d4 c5 4. cxd5 exd5 5. Nf3 Nc6 6. dxc5 d4 7. Na4 Bxc5 {[%mdl 64] Decoy. D32: Tarrasch Defence: Sidelines and lines without g3} 8. Nxc5 {And now Nb3 would win.} Qa5+ 9. Bd2 Qxc5 {White has an edge.} 10. Rc1 Qb6 $146 (10... Qe7 11. e3 Nf6 12. Be2 O-O 13. O-O Rd8 14. Nxd4 Nxd4 15. exd4 Rxd4 {½-½ (71) Jakovenko,D (2749)-Mamedov,R (2708) Ankara 2018}) 11. e3 Nf6 12. Bc4 dxe3 13. Bxe3 Qb4+ 14. Bd2 Qe7+ 15. Be2 O-O 16. O-O $36 {[%mdl 2048] White has some pressure.} Be6 17. Re1 Rfe8 18. Qa4 Bd5 19. a3 Qd7 20. Bg5 Re4 21. Qb5 Rg4 (21... a6 $11 {remains equal.} 22. Qd3 Rd8) 22. h3 $16 a6 23. Qc5 Re4 24. Bxf6 gxf6 25. Red1 Rxe2 26. Rxd5 Qe7 27. Qc4 Re4 (27... Qe6 $16) 28. Qd3 $18 Re8 29. Rd7 Ne5 30. Nxe5 (30. Qxe4 $6 Qxd7 31. Qf4 Kg7 $14) (30. Rxe7 $6 Nxd3 31. Rxe8+ Rxe8 $14) 30... Qxe5 31. Rxb7 Qf4 {Threatens to win with ...Re1+.} 32. Rf1 Re1 {intending ...Qc1.} 33. Rb4 ({Inferior is} 33. Qxa6 Qc1 $11) 33... Qc1 34. Rxe1 ({Don't blunder} 34. Qxa6 $2 Rxf1+ 35. Qxf1 Re1 $19) 34... Qxe1+ {[%mdl 4096] Endgame KQR-KQR} 35. Qf1 a5 36. Rf4 Qd2 37. Qc4 Qe1+ (37... Qxb2 $16 38. Rg4+ Kf8) 38. Kh2 $1 Qe5 39. b4 axb4 40. axb4 Rd8 41. g3 h5 42. Qc2 Kg7 $2 (42... Qe1) 43. Rf5 Qe1 44. Qc6 $1 {[%cal Rc6f6]} ({Worse is} 44. Rxh5 Rd2 $11) 44... Qe7 45. h4 Rd1 46. b5 (46. Qc3 $142) 46... Qe6 47. Qf3 Qe1 48. Rxh5 Qg1+ 49. Kh3 Qf1+ 50. Kh2 Qg1+ 51. Kh3 {Qg4+ would kill now.} Qf1+ 52. Qg2 {aiming for Qxf1.} Qd3 53. b6 Qb1 {[#]} 54. Kh2 $1 Qxb6 55. Qf3 Qd4 56. Qf5 Rd2 (56... Re1 $142 57. Qh7+ Kf8) 57. Kg2 Re2 (57... Rb2 {was necessary.} 58. Qh7+ Kf8 59. Qh6+ Ke7) 58. Rh7+ Kg8 {...Re5 is the strong threat.} 59. Rh6 {Intending Qc8+ and mate.} Re6 60. Qh5 {White wants to mate with Rh8+.} Qe4+ {[#]} 61. Kh2 ({White has to play} 61. Qf3 $1 $18) 61... Kg7 $14 {Hoping for ...Re5.} 62. Rh8 {[%csl Gh8][%cal Rh5h6]} Qg6 63. Qxg6+ (63. Kh3 {is interesting.} Re5 64. Qxg6+ fxg6 65. Ra8 Re2 66. Ra7+) 63... fxg6 {KR-KR} 64. Rc8 (64. Ra8 {seems wilder.} g5 65. Kh3 Kg6 66. Rg8+ Kf7 67. Rb8) 64... f5 65. Kg2 Kf6 66. Kf3 Re4 67. Rc6+ Kf7 68. h5 gxh5 {The position is equal.} 69. Rh6 Ra4 70. Rxh5 Kg6 71. Rh4 Ra3+ 72. Kf4 Ra4+ 73. Kf3 Ra3+ 74. Kf4 Ra4+ {Accuracy: White = 67%, Black = 72%.} 1/2-1/2

[Event "47. Sparkassen Chess-Meeting 2019"]
[Site "Dortmund"]
[Date "2019.07.19"]
[Round "5.2"]
[White "Kulaots, Kaido"]
[Black "Rapport, Richard"]
[Result "1/2-1/2"]
[WhiteElo "2560"]
[BlackElo "2735"]
[Annotator "TA"]
[PlyCount "182"]
[EventDate "2019.07.13"]
[EventCountry "GER"]
[SourceTitle "playchess.com"]
[Source "ChessBase"]
[SourceQuality "1"]

{[%evp 20,182,0,0,15,22,22,22,33,23,25,22,25,13,9,0,0,0,0,0,0,-26,-27,-25,-16,-33,-25,-28,-33,-20,-16,-43,-42,-55,-34,-63,-37,-51,0,0,0,0,0,0,0,0,0,0,7,0,8,0,0,0,0,-27,-14,-49,-45,-51,-50,-58,-58,-58,-50,-53,-39,-39,-36,-36,-36,-47,-26,-27,-22,-29,0,0,0,-8,-8,-8,-8,-8,-8,-8,-8,-36,-24,-106,-107,-107,-107,-108,-25,-25,-8,-8,-8,-8,-8,-8,-8,-8,-8,-8,0,-8,-8,-10,-10,-10,-10,-17,-17,-17,-17,-17,-17,-17,-17,-17,-17,-17,-13,-17,-17,-17,-17,-17,-17,-34,0,-12,-12,-12,-12,-12,-12,-12,-12,-12,-12,-12,-12,-12,-2,-2,-2,-2,-2,-4,-4,-25,-25,-25,-25,-25,8,8,8,8,8,8,8]} 1. e4 e5 2. Nf3 Nc6 3. Bb5 Nf6 4. O-O Nxe4 5. d4 Nd6 6. Bxc6 dxc6 7. dxe5 Nf5 8. Qxd8+ Kxd8 9. h3 h6 10. Nc3 Bd7 11. b3 Be7 {C67: Ruy Lopez: Berlin Defence: 4 0-0 Nxe4} (11... Kc8 12. Bb2 b6 13. Rad1 Ne7 14. Ne4 c5 15. Rfe1 Be6 16. c4 Nc6 17. Ng3 a6 18. Nh5 g5 19. g4 b5 20. Nd2 {1-0 (58) Duda,J (2737)-Karjakin,S (2773) chess.com INT 2018}) 12. Bb2 h5 13. Rad1 Ke8 14. Ne4 $146 ({Predecessor:} 14. Ne2 h4 15. Rd3 c5 16. Nf4 Be6 17. Nxe6 fxe6 18. Rfd1 Rd8 19. Rxd8+ Bxd8 {½-½ (58) Hansen,E (2410)-Panjwani,R (2401) Calgary 2010}) 14... Rd8 15. Rfe1 Bc8 16. Rxd8+ Bxd8 17. Bc1 b6 18. c4 c5 19. Nc3 Bb7 20. Nd5 Nd4 21. Ng5 Bc8 22. h4 Bf5 23. Bf4 Bxg5 24. Bxg5 Kd7 25. f3 a5 26. Nc3 Kc6 27. Kf2 Re8 28. Bf4 Bc2 ({Better is} 28... Nc2 $15 29. Re2 Nb4) 29. g4 $11 Ne6 30. Bc1 Bg6 31. Rd1 Bc2 32. Re1 hxg4 33. fxg4 Rd8 34. h5 Rd4 35. Kg3 a4 $36 {[%mdl 2048] Black is more active.} 36. Nxa4 Bd1 37. h6 {Strongly threatening h7.} gxh6 38. Bxh6 Rxg4+ 39. Kf2 Bc2 40. Nc3 Rh4 41. Bc1 Nd4 42. Rg1 Kd7 43. Bg5 Rh2+ 44. Rg2 Rh1 45. Bf4 Bg6 46. Rh2 Ra1 47. Rg2 Bb1 48. Rg1 Rxa2+ $1 49. Nxa2 Bxa2 {[%mdl 4096] Endgame KRB-KBN} 50. Ke3 Bxb3 51. Kd3 Bc2+ 52. Ke3 Kc6 53. Rg8 Bf5 54. Rf8 (54. Rh8 $11) 54... Be6 $17 55. Kd3 {[#]} Nb3 $1 56. Ra8 Kb7 (56... Na5 $17 57. Re8 Bxc4+ 58. Ke4 Be6) 57. Ra3 $11 Nd4 (57... Bf5+ {keeps more tension.} 58. Kc3 Nd4 59. Kd2 c6 60. Rc3 b5) 58. Rc3 Nc6 59. Rc1 Kc8 60. Kc3 Na5 61. Kd3 Bf5+ 62. Kc3 Be6 63. Kd3 Nb3 64. Rc3 Bf5+ 65. Ke3 Na5 66. Bg5 Kd7 67. Bh4 Nc6 68. Bf6 Ke6 69. Kf4 Bb1 70. Rc1 Bd3 71. Ke3 Bg6 72. Rd1 Bc2 73. Rc1 Bf5 74. Kf4 Nb4 {And now ...Nd3+ would win.} 75. Kg5 {Threatening Bd8.} Nd3 76. Ra1 Be4 77. Ra7 Nxe5 78. Rxc7 {Threatens to win with Re7+.} Nxc4 79. Re7+ Kd5 80. Rd7+ Kc6 81. Rxf7 b5 82. Kf4 b4 83. Rf8 Bc2 84. Rc8+ Kd6 85. Bg7 b3 {...b2 is the strong threat.} 86. Bf8+ Ke6 {White must now prevent ...b2.} 87. Bxc5 b2 88. Rb8 Be4 {[%mdl 64] [#] Decoy} 89. Kxe4 {The position is equal.} b1=Q+ {[%mdl 64] Decoy} 90. Rxb1 {White wants to mate with Rd1.} Nd2+ {[%mdl 64] Double Attack} 91. Kd4 Nxb1 {Accuracy: White = 67%, Black = 66%.} 1/2-1/2

[Event "47. Sparkassen Chess-Meeting 2019"]
[Site "Dortmund"]
[Date "2019.07.19"]
[Round "5.3"]
[White "Radjabov, Teimour"]
[Black "Nepomniachtchi, Ian"]
[Result "1/2-1/2"]
[WhiteElo "2759"]
[BlackElo "2775"]
[Annotator "TA"]
[PlyCount "65"]
[EventDate "2019.07.13"]
[EventCountry "GER"]
[SourceTitle "playchess.com"]
[Source "ChessBase"]
[SourceQuality "1"]

{[%evp 18,65,0,0,0,0,0,0,0,0,0,0,9,-55,0,0,0,0,0,0,0,0,0,0,0,0,0,0,0,0,0,0,0,0,0,0,0,0,0,0,0,0,0,0,0,0,0,0,0,0]} 1. e4 c5 2. Nf3 d6 3. d4 cxd4 4. Nxd4 Nf6 5. Nc3 a6 6. Bg5 e6 7. f4 Qb6 8. Qd2 Qxb2 9. Rb1 Qa3 10. f5 Be7 {B97: Sicilian Najdorf: Poisoned Pawn} 11. fxe6 Bxe6 12. Nxe6 fxe6 13. Bc4 $1 {[%cal Rc4e6]} Nbd7 $1 {[%cal Rd7c5] White must now prevent ...Nc5.} 14. Bxe6 (14. Rxb7 Nc5 $17) 14... Nc5 $132 {[%mdl 2048] Black is not holding back} 15. Bc4 $146 (15. Bb3 $11) (15. Bf5 g6 16. O-O gxf5 17. Rxf5 Rf8 18. Bxf6 Bxf6 {½-½ (30) Wen,Y (2596)-Li,C (2725) Hangzhou 2018}) 15... b5 (15... Rc8 $1 $15) 16. O-O $11 {The position is equal.} bxc4 17. Bxf6 $1 Bxf6 18. Qxd6 Qxc3 19. e5 $1 {[%cal Re5f6]} (19. Qc6+ Kf7 $17) 19... Qe3+ (19... Qxe5 $6 20. Rbe1 $1 $16 {[%mdl 512]}) (19... Bxe5 $2 20. Qc6+ Nd7 21. Qxa8+ Ke7 22. Qxh8 $18) 20. Kh1 Ne4 ({Reject} 20... Bxe5 $6 21. Qd5 $16) ({But not} 20... Qxe5 $2 21. Rbe1 $1 $18 {[%mdl 512]}) 21. Qc6+ {[%mdl 64] Double Attack} Kf7 {Threatens to win with ...Nf2+.} 22. exf6 gxf6 23. Qd7+ Kf8 $1 {...Nf2+ is the strong threat.} 24. g3 {Rb7 would kill now.} (24. Rbe1 {is a self mate.} Nf2+ 25. Kg1 {[#]} Nh3+ $1 {[%mdl 512]} 26. Kh1 Qg1+ $1 {[%mdl 512]} 27. Rxg1 Nf2#) 24... Nf2+ 25. Kg2 Ne4 {Strongly threatening ...Qd2+.} 26. Rb7 {[%csl Gb7][%cal Rd7f7]} Qd2+ 27. Qxd2 Nxd2 28. Rxf6+ Kg8 29. Rff7 h5 {Black wants to play ...Rh6.} 30. Rg7+ Kf8 31. Rgf7+ Kg8 {With the idea ...Rh6.} 32. Rg7+ Kf8 33. Rgf7+ {Accuracy: White = 84%, Black = 81%.} 1/2-1/2